[Event "22nd WCh U20 Girls"]
[Site "Kochi IND"]
[Date "2004.11.27"]
[Round "11.12"]
[White "Ghaderpour, Shayesteh"]
[Black "Sandhya, N."]
[Result "0-1"]
[WhiteElo "2025"]
[BlackElo "2113"]
[EventDate "2004.11.20"]
[PlyCount "115"]

1.e4 e6 2.d4 d5 3.Nd2 Nf6 4.e5 Nfd7 5.Bd3 c5 6.c3 Nc6 7.Ne2 cxd4 8.cxd4 f6
9.exf6 Nxf6 10.O-O Bd6 11.Nf3 O-O 12.Nc3 a6 13.Bg5 Qc7 14.Bh4 g6 15.Bg3 
Bxg3 16.hxg3 Qg7 17.Qd2 Bd7 18.a3 Rae8 19.Rfe1 b5 20.b4 Ng4 21.Be2 Nh6 22.
Red1 Nf5 23.a4 Nxb4 24.axb5 axb5 25.Nxb5 Nc6 26.g4 Nh6 27.Nh2 Nf7 28.g5 h6
29.gxh6 Nxh6 30.Nd6 Re7 31.Ng4 Nxg4 32.Bxg4 Qf6 33.Ra3 Rh7 34.Rg3 Kg7 35.
Bh3 Rh4 36.Nb5 Rf4 37.f3 Qh4 38.Qf2 Rh8 39.Kf1 Ne7 40.Nc3 Bc8 41.Ke1 Nc6 
42.Ne2 Rf7 43.Rc1 Nb4 44.Rc3 Ra7 45.Rxg6+ Kxg6 46.Qxh4 Rxh4 47.Rxc8 Ra2 
48.Kf2 Rxd4 49.Ke3 Rd3+ 50.Kf4 Rxe2 51.Rg8+ Kf6 52.Rf8+ Ke7 53.Rb8 Nc6 54.
Rb7+ Kd6 55.Kg5 Ne5 56.Bg4 Rxg2 57.Kf6 Re2 58.f4 0-1

[Event "22nd WCh U20 Girls"]
[Site "Kochi IND"]
[Date "2004.11.27"]
[Round "11.13"]
[White "Van Weersel, Arlette"]
[Black "Nimmy, A. G."]
[Result "1-0"]
[WhiteElo "2184"]
[BlackElo "2063"]
[EventDate "2004.11.20"]
[PlyCount "113"]

1.e4 e5 2.Nf3 Nc6 3.Bc4 Bc5 4.c3 Nf6 5.d3 d6 6.Bb3 O-O 7.Nbd2 d5 8.Qe2 a5 
9.a4 Be6 10.O-O Re8 11.exd5 Bxd5 12.Bc2 h6 13.Ne4 Bb6 14.Be3 Bxe4 15.dxe4 
Bxe3 16.Qxe3 Nh5 17.Rad1 Qe7 18.g3 Rad8 19.Bb3 Nf6 20.Nh4 Rxd1 21.Rxd1 Rd8
22.Rxd8+ Qxd8 23.Qe2 Qd7 24.Qc4 Nd8 25.Nf3 Nc6 26.Kf1 b6 27.Ke2 g6 28.h4 
Kg7 29.Qb5 Qd6 30.Nd2 Qd7 31.Bd5 Nb8 32.Qxd7 Nfxd7 33.Bb3 Na6 34.Kd3 Kf6 
35.Kc4 c6 36.Bd1 Ndc5 37.b4 axb4 38.cxb4 Nd7 39.b5 cxb5+ 40.Kxb5 Nac5 41.
Kc6 Ke6 42.h5 gxh5 43.Bxh5 Nf6 44.Bd1 Ncxe4 45.Nxe4 Nxe4 46.Bb3+ Ke7 47.
Kxb6 Nxf2 48.a5 Ne4 49.a6 Nd6 50.Kc6 Nc8 51.Kc7 Na7 52.Bc4 f5 53.Kb7 Kd6 
54.Kxa7 Kc7 55.Be2 f4 56.gxf4 exf4 57.Bf3 1-0

[Event "22nd WCh U20 Girls"]
[Site "Kochi IND"]
[Date "2004.11.27"]
[Round "11.14"]
[White "Meenu, Rajendran"]
[Black "Iswarya Shobana, L."]
[Result "0-1"]
[WhiteElo "1979"]
[BlackElo "2082"]
[EventDate "2004.11.20"]
[PlyCount "74"]

1.e4 c5 2.Nc3 a6 3.f4 Nc6 4.Nf3 g6 5.a4 Bg7 6.Bc4 e6 7.O-O Nge7 8.d3 d5 9.
Ba2 O-O 10.Kh1 Kh8 11.Qe1 Nb4 12.Bb1 Kg8 13.Ne2 b6 14.c3 dxe4 15.dxe4 Nd3 
16.Bxd3 Qxd3 17.Ng3 Bb7 18.Ne5 Qd6 19.Nf3 f5 20.e5 Qc6 21.Qe2 Rfd8 22.a5 
b5 23.Be3 Nd5 24.Qf2 Bf8 25.Rac1 Rac8 26.c4 Nb4 27.cxb5 Qxb5 28.Qe2 Qxa5 
29.Rfd1 Nd5 30.Qe1 Qb6 31.Rb1 Nxe3 32.Rxd8 Rxd8 33.Qxe3 Qb5 34.Qe2 Qb4 35.
h3 Qxf4 36.Nf1 Bg7 37.N1d2 Bxe5 0-1

[Event "22nd WCh U20 Girls"]
[Site "Kochi IND"]
[Date "2004.11.27"]
[Round "11.17"]
[White "Mijovic, Aleksandra"]
[Black "Elappen, Jenine"]
[Result "0-1"]
[WhiteElo "2152"]
[BlackElo "2031"]
[EventDate "2004.11.20"]
[PlyCount "110"]

1.e4 c5 2.Nf3 Nc6 3.d4 cxd4 4.Nxd4 Nf6 5.Nc3 e5 6.Ndb5 d6 7.Bg5 a6 8.Na3 
b5 9.Nd5 Be7 10.Bxf6 Bxf6 11.c3 Bg5 12.Nc2 O-O 13.a4 bxa4 14.Rxa4 a5 15.
Bc4 Rb8 16.b3 Kh8 17.Qe2 Bd7 18.Ra1 g6 19.O-O Bh6 20.Nce3 f5 21.exf5 gxf5 
22.Qh5 Qg5 23.Qxg5 Bxg5 24.f4 Bd8 25.Rf2 exf4 26.Rxf4 Ne5 27.Raf1 Bg5 28.
Rd4 Nc6 29.Rd2 Ne5 30.Ra2 Nxc4 31.Nxc4 Rxb3 32.Nxd6 a4 33.c4 f4 34.Ne4 Bh6
35.Nc5 Bf5 36.Nxb3 axb3 37.Rb2 Bd3 38.Nb6 Bc2 39.Nd7 Rc8 40.Rf3 Rxc4 41.
Rbxb3 Bxb3 42.Rxb3 Bg5 43.Kf2 Kg7 44.Kf3 Rc6 45.Ne5 Kf6 46.Nd3 Rc4 47.Kg4 
Bh6 48.Rb6+ Kg7 49.Kh5 Rd4 50.Nf2 Rd5+ 51.Kg4 Rg5+ 52.Kf3 Ra5 53.h4 Ra3+ 
54.Kg4 Ra7 55.Nh3 Rf7 0-1

[Event "22nd WCh U20 Girls"]
[Site "Kochi IND"]
[Date "2004.11.29"]
[Round "12.1"]
[White "Korbut, Ekaterina"]
[Black "Zhang Jilin"]
[Result "1-0"]
[WhiteElo "2400"]
[BlackElo "2287"]
[EventDate "2004.11.20"]
[PlyCount "112"]

1.e4 c5 2.Nf3 d6 3.d4 cxd4 4.Nxd4 Nf6 5.Nc3 a6 6.Bc4 e6 7.Bb3 Nbd7 8.Bg5 
Nc5 9.f4 Be7 10.Qf3 O-O 11.O-O-O Qc7 12.Rhe1 b5 13.Bd5 Nxd5 14.exd5 Bxg5 
15.fxg5 Bb7 16.a3 Na4 17.Re3 Nxc3 18.Rxc3 Qe7 19.Qg3 Rac8 20.dxe6 fxe6 21.
Rxc8 Rxc8 22.h4 Be4 23.c3 e5 24.Qg4 Qb7 25.Qe6+ Kh8 26.Nf5 Bxf5 27.Qxf5 
Re8 28.Rxd6 Qxg2 29.Qxe5 Qf1+ 30.Kc2 Qf7 31.Qd5 Qf2+ 32.Kb3 Qa7 33.Rd7 Qb8
34.h5 Qf4 35.Qf7 Qxf7+ 36.Rxf7 Kg8 37.Rf5 Re4 38.Rc5 Rg4 39.c4 bxc4+ 40.
Kb4 Rg2 41.Kc3 Kf8 42.Ra5 Kf7 43.Kxc4 Rxb2 44.Rxa6 Rh2 45.h6 gxh6 46.Rxh6 
Rc2+ 47.Kb4 Kg7 48.Re6 Rb2+ 49.Ka5 Rh2 50.a4 Rh5 51.Re5 Kf8 52.Kb6 h6 53.
a5 hxg5 54.a6 Rh6+ 55.Kb7 Rh2 56.a7 Ra2 1-0

[Event "22nd WCh U20 Girls"]
[Site "Kochi IND"]
[Date "2004.11.29"]
[Round "12.2"]
[White "Saheli, Nath"]
[Black "Pahtz, Elisabeth"]
[Result "0-1"]
[WhiteElo "2130"]
[BlackElo "2398"]
[EventDate "2004.11.20"]
[PlyCount "103"]

1.e4 c5 2.Nf3 e6 3.d4 cxd4 4.Nxd4 a6 5.c4 Nf6 6.Nc3 Qc7 7.a3 b6 8.Be3 d6 
9.Be2 Nbd7 10.O-O Bb7 11.f3 Be7 12.Rc1 Rc8 13.Qd2 O-O 14.Rfd1 Qb8 15.b4 
Bd8 16.Bf1 Bc7 17.Kh1 Kh8 18.b5 a5 19.Rb1 Qa8 20.Nc6 Rfe8 21.Bf4 Nc5 22.
Bxd6 Bxd6 23.Qxd6 Bxc6 24.bxc6 Rxc6 25.Qd2 Qb8 26.Qd4 Nfd7 27.Nb5 Kg8 28.
Qe3 Ne5 29.Be2 Ng6 30.Nd4 Rcc8 31.Nb3 Na4 32.Nxa5 Qe5 33.Nb7 Nc3 34.Nd6 
Nxb1 35.Nxc8 Nc3 36.Nxb6 Nxd1 37.Bxd1 Rd8 38.Ba4 Qa1+ 39.Qg1 Qxa3 40.h3 
Ne5 41.c5 Qc3 42.Kh2 Rd4 43.c6 Rd2 44.Kg3 Nxc6 45.Bxc6 Qxc6 46.Qb1 Qd6+ 
47.f4 Rd3+ 48.Kg4 f5+ 49.exf5 exf5+ 50.Kxf5 Qg6+ 51.Ke5 Re3+ 52.Kd4 0-1

[Event "22nd WCh U20 Girls"]
[Site "Kochi IND"]
[Date "2004.11.29"]
[Round "12.3"]
[White "Karavade, Eesha"]
[Black "Majdan, Joanna"]
[Result "1-0"]
[WhiteElo "2307"]
[BlackElo "2219"]
[EventDate "2004.11.20"]
[PlyCount "75"]

1.Nf3 f5 2.d3 d6 3.e4 e5 4.Nc3 Nf6 5.exf5 Bxf5 6.d4 e4 7.Nh4 Bc8 8.f3 exf3
9.Nxf3 Bg4 10.Bd3 Nc6 11.O-O Be7 12.h3 Bxf3 13.Qxf3 Nxd4 14.Qxb7 Qb8 15.
Qxb8+ Rxb8 16.Be3 c5 17.b3 Nc6 18.Rad1 Nb4 19.Bf5 d5 20.Bf4 Rb7 21.a3 d4 
22.Bc8 Rb6 23.Na4 Nxc2 24.Nxb6 axb6 25.Bf5 Nxa3 26.Ra1 c4 27.Bc1 Nb5 28.
Ra8+ Bd8 29.Re1+ Kf7 30.Be6+ Kg6 31.Bxc4 Nc7 32.Rb8 Nd7 33.Rc8 b5 34.Bd3+ 
Kf7 35.Bf4 Ne6 36.Bd6 Nb6 37.Rb8 Nd7 38.Rb7 1-0

[Event "22nd WCh U20 Girls"]
[Site "Kochi IND"]
[Date "2004.11.29"]
[Round "12.4"]
[White "Ushenina, Anna"]
[Black "Kruttika, Nadig"]
[Result "0-1"]
[WhiteElo "2370"]
[BlackElo "2182"]
[EventDate "2004.11.20"]
[PlyCount "130"]

1.d4 Nf6 2.c4 g6 3.Nc3 d5 4.Nf3 Bg7 5.Qb3 dxc4 6.Qxc4 O-O 7.e4 a6 8.e5 b5 
9.Qb3 Nfd7 10.e6 fxe6 11.Be3 Nf6 12.a4 bxa4 13.Rxa4 Nc6 14.Bxa6 Nd5 15.
Nxd5 Rxa6 16.Rxa6 Bxa6 17.Nf4 Qd6 18.Qxe6+ Qxe6 19.Nxe6 Rb8 20.Kd2 Rxb2+ 
21.Kc3 Rb8 22.Ra1 Be2 23.Ng1 Bg4 24.Nxg7 Kxg7 25.Kc4 e6 26.f3 Bf5 27.g4 
Bc2 28.Ne2 Ne7 29.Nf4 Bb3+ 30.Kc5 Bd5 31.Ra7 Rb2 32.Rxc7 Rc2+ 33.Kd6 Rxc7 
34.Kxc7 Bxf3 35.Kd6 Kf7 36.Nxe6 Bxg4 37.Ng5+ Ke8 38.Ke5 h5 39.d5 Nf5 40.
Bf2 Kd7 41.Ne6 Ne7 42.Nc5+ Ke8 43.Bh4 Bf5 44.Kd6 Nc8+ 45.Kc7 Na7 46.d6 
Nb5+ 47.Kc6 Nd4+ 48.Kd5 Nf3 49.Bg3 h4 50.Be5 g5 51.Bf6 g4 52.Ne6 g3 53.
hxg3 h3 54.Ng7+ Kd7 55.Nxf5 h2 56.Nh6 h1=Q 57.Nf5 Nh4+ 58.Ke5 Nxf5 59.Kxf5
Qf3+ 60.Kg6 Qxg3+ 61.Bg5 Kxd6 62.Kf5 Qf3+ 63.Bf4+ Kd5 64.Kg5 Ke4 65.Bd6 
Qf5+ 0-1

[Event "22nd WCh U20 Girls"]
[Site "Kochi IND"]
[Date "2004.11.29"]
[Round "12.5"]
[White "Bensdorp, Marlies"]
[Black "Tania, Sachdev"]
[Result "1/2-1/2"]
[WhiteElo "2214"]
[BlackElo "2256"]
[EventDate "2004.11.20"]
[PlyCount "61"]

1.d4 Nf6 2.c4 e6 3.Nc3 Bb4 4.Qc2 d5 5.cxd5 Qxd5 6.Nf3 Qf5 7.Qxf5 exf5 8.
Bd2 c6 9.Rc1 Be6 10.a3 Be7 11.e3 Nbd7 12.Bd3 g6 13.Ke2 h6 14.Be1 Nb6 15.
Nd2 Rd8 16.b4 O-O 17.g3 Rfe8 18.f3 Nfd5 19.Bf2 Bg5 20.Nxd5 Nxd5 21.f4 Bf6 
22.Nc4 Kg7 23.Kd2 Be7 24.Rc2 Nf6 25.Rb1 Bd5 26.a4 Bf8 27.Rbb2 Re6 28.Ne5 
Ne4+ 29.Bxe4 Bxe4 30.Rc3 b6 31.Ke2 1/2-1/2

[Event "22nd WCh U20 Girls"]
[Site "Kochi IND"]
[Date "2004.11.29"]
[Round "12.6"]
[White "Vinuthna, N."]
[Black "Perez Rodriguez, Jennifer"]
[Result "1/2-1/2"]
[WhiteElo "2229"]
[BlackElo "2162"]
[EventDate "2004.11.20"]
[PlyCount "75"]

1.e4 e5 2.Nf3 Nc6 3.Bb5 f5 4.Nc3 Nd4 5.exf5 c6 6.Nxe5 Nf6 7.Bd3 d6 8.Ng4 
Nxf5 9.O-O Be7 10.Ne3 Nd4 11.Ne2 Ne6 12.c3 O-O 13.Bc2 d5 14.d4 Bd6 15.Nf5 
Bc7 16.Qd3 Ne4 17.Nfg3 Qh4 18.f3 N4g5 19.f4 Nxf4 20.Nxf4 Bxf4 21.Bxf4 Rxf4
22.Rxf4 Qxf4 23.Rf1 Qh4 24.Nf5 Bxf5 25.Qxf5 g6 26.Qf6 Qg4 27.Bd1 Qh4 28.
Qe5 Rf8 29.Rxf8+ Kxf8 30.g3 Qe4 31.Qxg5 Qe1+ 32.Kg2 Qxd1 33.Qd8+ Kg7 34.
Qe7+ Kg8 35.Qxb7 Qe2+ 36.Kg1 Qe1+ 37.Kg2 Qe2+ 38.Kg1 1/2-1/2

[Event "22nd WCh U20 Girls"]
[Site "Kochi IND"]
[Date "2004.11.29"]
[Round "12.7"]
[White "Sivasankari, P."]
[Black "Foudzi, Siti Zulaikha"]
[Result "1-0"]
[WhiteElo "2112"]
[BlackElo "2162"]
[EventDate "2004.11.20"]
[PlyCount "69"]

1.d4 Nf6 2.c4 g6 3.Nc3 Bg7 4.e4 d6 5.f3 O-O 6.Be3 e5 7.d5 c6 8.Bd3 cxd5 9.
cxd5 Na6 10.Nge2 Nc7 11.O-O Nfe8 12.b4 Na6 13.Rb1 f5 14.exf5 gxf5 15.f4 e4
16.Bxa6 bxa6 17.Nd4 Bd7 18.Qe2 Nc7 19.a4 Qf6 20.Rfc1 Rfc8 21.b5 Qf7 22.Qa2
axb5 23.axb5 Ne8 24.Nc6 Bxc3 25.Rxc3 Bxc6 26.Rxc6 Rxc6 27.bxc6 Nc7 28.Qa5 
Rc8 29.Qxa7 Qxd5 30.Rb8 Qd1+ 31.Kf2 Rxb8 32.Qxb8+ Kf7 33.Qxc7+ Kg6 34.Qb6 
Kh5 35.Qb2 1-0

[Event "22nd WCh U20 Girls"]
[Site "Kochi IND"]
[Date "2004.11.29"]
[Round "12.8"]
[White "Delphin, C."]
[Black "Motoc, Alina"]
[Result "0-1"]
[WhiteElo "1998"]
[BlackElo "2359"]
[EventDate "2004.11.20"]
[PlyCount "90"]

1.e4 c5 2.Nf3 d6 3.d4 cxd4 4.Nxd4 Nf6 5.Nc3 a6 6.Be2 e5 7.Nb3 Be7 8.Be3 
Be6 9.O-O O-O 10.Qd2 Nbd7 11.f4 exf4 12.Bxf4 Ne5 13.Nd4 Rc8 14.Kh1 Qb6 15.
Rab1 Rfe8 16.Nf5 Bf8 17.Bg5 Neg4 18.Bxf6 Nxf6 19.Qg5 Bxf5 20.exf5 d5 21.
Bd3 Re5 22.Ne2 Rce8 23.Ng3 Qe3 24.Qxe3 Rxe3 25.Rf3 Ng4 26.Rxe3 Rxe3 27.Rf1
Bd6 28.Rf3 Re1+ 29.Rf1 Re3 30.Rf3 Kf8 31.Rxe3 Nxe3 32.Nf1 Nd1 33.g3 Nxb2 
34.Ne3 d4 35.Nd5 Ke8 36.Kg2 Kd7 37.Kf3 Nxd3 38.cxd3 Kc6 39.Ke4 Kc5 40.f6 
g6 41.a3 a5 42.a4 b5 43.axb5 a4 44.Nf4 Bxf4 45.gxf4 a3 0-1

[Event "22nd WCh U20 Girls"]
[Site "Kochi IND"]
[Date "2004.11.29"]
[Round "12.9"]
[White "Iswarya Shobana, L."]
[Black "Gutsko, Anastasia"]
[Result "0-1"]
[WhiteElo "2082"]
[BlackElo "2272"]
[EventDate "2004.11.20"]
[PlyCount "48"]

1.e4 c6 2.d4 d5 3.Nc3 dxe4 4.Nxe4 Nd7 5.Nf3 Ngf6 6.Ng3 e6 7.Bd3 c5 8.O-O 
cxd4 9.Nxd4 Bc5 10.Nb3 Be7 11.Qe2 O-O 12.f4 b6 13.a4 a5 14.f5 e5 15.Ne4 
Bb7 16.Nxf6+ Nxf6 17.Qxe5 Bd6 18.Qe2 Re8 19.Qd1 Qc7 20.h3 Bh2+ 21.Kh1 
Bxg2+ 22.Kxg2 Qg3+ 23.Kh1 Qxh3 24.Qf3 Bg3+ 0-1

[Event "22nd WCh U20 Girls"]
[Site "Kochi IND"]
[Date "2004.11.29"]
[Round "12.13"]
[White "Raghavi, Nagarajan"]
[Black "Gutierrez Castillo, Paloma"]
[Result "1/2-1/2"]
[WhiteElo "2117"]
[BlackElo "2119"]
[EventDate "2004.11.20"]
[PlyCount "81"]

1.e4 e5 2.Nf3 Nc6 3.Bb5 Nf6 4.d4 Nxe4 5.dxe5 d5 6.Be3 Be7 7.O-O O-O 8.c4 
dxc4 9.Qa4 Be6 10.Rd1 Qe8 11.Qc2 f5 12.exf6 Nxf6 13.Ng5 Bd7 14.Bxc4+ Kh8 
15.Be6 Bd6 16.Bxd7 Qxd7 17.Nc3 Qg4 18.Nd5 Qh5 19.h3 Nxd5 20.Rxd5 Nb4 21.
Qd1 Qxd1+ 22.Rdxd1 Nc2 23.Rac1 Nxe3 24.fxe3 Rae8 25.Rf1 Rxf1+ 26.Kxf1 Kg8 
27.Kf2 Re5 28.Nf3 Ra5 29.a3 Rb5 30.Rc2 Kf7 31.Ke2 Kf6 32.e4 Be5 33.Nxe5 
Kxe5 34.Rxc7 Rxb2+ 35.Kf1 Kf6 36.e5+ Kg6 37.e6 Rb3 38.e7 Kf7 39.e8=Q+ Kxe8
40.Rxg7 h5 41.Rh7 1/2-1/2

[Event "22nd WCh U20 Girls"]
[Site "Kochi IND"]
[Date "2004.11.29"]
[Round "12.14"]
[White "Anuprita, Patil"]
[Black "Ghaderpour, Shayesteh"]
[Result "0-1"]
[WhiteElo "2081"]
[BlackElo "2025"]
[EventDate "2004.11.20"]
[PlyCount "76"]

1.e4 c5 2.Nf3 d6 3.d4 cxd4 4.Nxd4 Nf6 5.Nc3 a6 6.Be2 e5 7.Nb3 Be7 8.Bg5 
Be6 9.Bxf6 Bxf6 10.Qd3 Nc6 11.O-O-O Be7 12.Kb1 O-O 13.Nd5 Bxd5 14.Qxd5 Qc7
15.c3 b5 16.a3 Qb6 17.Rd2 Rfb8 18.Bh5 Nd8 19.Nc1 a5 20.Nd3 Bf8 21.Rf1 Ra7 
22.Bd1 Nc6 23.Nc1 b4 24.cxb4 axb4 25.a4 Nd4 26.Nb3 Nc6 27.Na1 Rba8 28.Qd3 
Nd4 29.b3 Rc7 30.Re1 Rc3 31.Qf1 Rac8 32.Bc2 Be7 33.f4 Qc6 34.Qf2 Bf6 35.
Rc1 Nxb3 36.Nxb3 Rxb3+ 37.Bxb3 Qxc1+ 38.Ka2 Qa3+ 0-1

[Event "22nd WCh U20 Girls"]
[Site "Kochi IND"]
[Date "2004.11.29"]
[Round "12.16"]
[White "Elappen, Jenine"]
[Black "Nimmy, A. G."]
[Result "0-1"]
[WhiteElo "2031"]
[BlackElo "2063"]
[EventDate "2004.11.20"]
[PlyCount "90"]

1.e4 e5 2.Nf3 Nc6 3.Bb5 a6 4.Ba4 Nf6 5.O-O Nxe4 6.d4 b5 7.Bb3 d5 8.dxe5 
Be6 9.c3 Nc5 10.Bc2 Bg4 11.Re1 Be7 12.h3 Bh5 13.b4 Ne6 14.Bb3 d4 15.g4 Bg6
16.a3 d3 17.Nh2 Bh4 18.Qf3 Ne7 19.Qg2 h5 20.Be3 hxg4 21.hxg4 a5 22.Nd2 a4 
23.Ba2 Rc8 24.Ndf3 Be4 25.Qf1 Nd5 26.Bxd5 Qxd5 27.Nd2 Bg6 28.Qg2 Qd7 29.
Rf1 f5 30.f4 Be7 31.Rad1 c5 32.bxc5 Nxc5 33.Ndf3 Ne4 34.Nd4 Rxc3 35.e6 Qd5
36.gxf5 Bxf5 37.Ng4 Bxg4 38.Qxg4 Rh1+ 39.Kg2 Nf6+ 40.Qf3 Rxf1 41.Kxf1 
Qxf3+ 42.Nxf3 Rxa3 43.Rc1 Bd6 44.Nd4 Nd5 45.Bd2 Bxf4 0-1

[Event "22nd WCh U20 Girls"]
[Site "Kochi IND"]
[Date "2004.11.30"]
[Round "13.1"]
[White "Pahtz, Elisabeth"]
[Black "Kruttika, Nadig"]
[Result "0-1"]
[WhiteElo "2398"]
[BlackElo "2182"]
[EventDate "2004.11.20"]
[PlyCount "140"]

1.c4 Nf6 2.b3 e6 3.Bb2 d5 4.Nf3 c5 5.e3 Nc6 6.a3 Bd6 7.d3 O-O 8.Nbd2 Rb8 
9.Qc2 Qe7 10.Be2 a6 11.O-O Bd7 12.Rac1 Rfc8 13.Rfe1 b5 14.Bf1 Qd8 15.cxd5 
exd5 16.e4 dxe4 17.dxe4 Nd4 18.Qd1 Bf4 19.Nxd4 cxd4 20.Rxc8 Rxc8 21.Nf3 
Bg4 22.h3 Bxf3 23.Qxf3 Be5 24.Qd3 Nd7 25.b4 Nb6 26.Rd1 Rc7 27.g3 Nc4 28.
Bc1 Rd7 29.f4 Bc7 30.Kh2 Qe7 31.Re1 a5 32.Qb3 axb4 33.axb4 Bd6 34.Bxc4 
bxc4 35.Qxc4 Bxb4 36.Rf1 d3 37.Be3 d2 38.Rd1 h6 39.e5 Rd8 40.Kg1 Qb7 41.
Kf2 Ba5 42.Qe2 Qd5 43.Qf3 Qb3 44.Ke2 Qd3+ 45.Kf2 Qb3 46.f5 Rd3 47.Ke2 Qb5 
48.f6 Rd5+ 49.Kf2 Rxe5 50.fxg7 Kxg7 51.Bd4 Bb6 52.Qg4+ Kh7 53.Rxd2 Qb4 54.
Qf4 Bxd4+ 55.Rxd4 Qe1+ 56.Kg2 Re2+ 57.Kf3 Rf2+ 58.Kg4 Rxf4+ 59.Rxf4 Kg6 
60.h4 Qe2+ 61.Kh3 f5 62.h5+ Qxh5+ 63.Kg2 Qe2+ 64.Rf2 Qe4+ 65.Kh2 Kg5 66.
Kh3 Qh1+ 67.Rh2 Qf1+ 68.Rg2 h5 69.Kh2 Kg4 70.Rc2 Qh3+ 0-1

[Event "22nd WCh U20 Girls"]
[Site "Kochi IND"]
[Date "2004.11.30"]
[Round "13.2"]
[White "Motoc, Alina"]
[Black "Korbut, Ekaterina"]
[Result "0-1"]
[WhiteElo "2359"]
[BlackElo "2400"]
[EventDate "2004.11.20"]
[PlyCount "74"]

1.d4 g6 2.c4 Bg7 3.Nc3 c5 4.d5 Bxc3+ 5.bxc3 f5 6.e4 fxe4 7.f3 e5 8.d6 Nc6 
9.fxe4 Qh4+ 10.Kd2 Nf6 11.Kc2 Nxe4 12.Be3 Nf2 13.Qd5 Qe4+ 14.Qxe4 Nxe4 15.
Rd1 O-O 16.Nf3 b6 17.h4 Ng3 18.Rh3 Nxf1 19.Rxf1 Ba6 20.Bh6 Bxc4 21.Re1 Rf6
22.Nxe5 Nxe5 23.Rxe5 Rxd6 24.Re7 Be6 25.Rf3 Rc6 26.g4 Rcc8 27.h5 Re8 28.
Rg7+ Kh8 29.hxg6 hxg6 30.Rh3 Bxg4 31.Rh4 Bf5+ 32.Kd2 Re4 33.Rh2 Ra4 34.Ke3
Re8+ 35.Kf3 Rc4 36.Rf7 Rxc3+ 37.Kf4 Re4+ 0-1

[Event "22nd WCh U20 Girls"]
[Site "Kochi IND"]
[Date "2004.11.30"]
[Round "13.3"]
[White "Zhang Jilin"]
[Black "Karavade, Eesha"]
[Result "0-1"]
[WhiteElo "2287"]
[BlackElo "2307"]
[EventDate "2004.11.20"]
[PlyCount "128"]

1.e4 e5 2.Nf3 Nc6 3.Bb5 Nf6 4.O-O Nxe4 5.d4 Nd6 6.Bxc6 dxc6 7.dxe5 Nf5 8.
Qxd8+ Kxd8 9.Nc3 Bd7 10.b3 Kc8 11.Bb2 Be7 12.h3 a5 13.Rad1 b6 14.Nh2 Be8 
15.a4 Kb7 16.Ne4 c5 17.g4 Nh4 18.c4 Rd8 19.Rxd8 Bxd8 20.Nc3 h5 21.f4 hxg4 
22.hxg4 Ng6 23.Kg2 Bc6+ 24.Nd5 Bh4 25.Kf3 Bd8 26.Kg2 Bh4 27.f5 Ne7 28.Rd1 
Rd8 29.Kh3 Bg5 30.Nf3 Bf4 31.e6 fxe6 32.fxe6 Nxd5 33.Bxg7 Kc8 34.cxd5 Rxd5
35.Rxd5 Bxd5 36.Be5 Be3 37.e7 Kd7 38.Kg3 Bxb3 39.Bxc7 c4 40.Ne5+ Kxe7 41.
Kf3 Bc5 42.Ke2 c3 43.Nd3 Bc4 44.Be5 c2 45.Bb2 Bd6 46.Kd2 Bb3 47.Bd4 Bc7 
48.Be3 Bxa4 49.Ne1 Ke6 50.Nxc2 Kd5 51.Na3 b5 52.g5 b4 53.g6 Be5 54.Nc2 Be8
55.Bb6 Bc3+ 56.Kc1 b3 57.Ne3+ Kc6 58.g7 Bf7 59.Nd1 Bb4 60.Bd4 a4 61.Ne3 a3
62.Nf5 Kd5 63.Nh6 Kxd4 64.Nxf7 a2 0-1

[Event "22nd WCh U20 Girls"]
[Site "Kochi IND"]
[Date "2004.11.30"]
[Round "13.4"]
[White "Tania, Sachdev"]
[Black "Ushenina, Anna"]
[Result "1/2-1/2"]
[WhiteElo "2256"]
[BlackElo "2370"]
[EventDate "2004.11.20"]
[PlyCount "129"]

1.d4 c6 2.c4 d6 3.Nf3 Qc7 4.Nc3 e5 5.g3 Nf6 6.Qc2 Bg4 7.dxe5 dxe5 8.Bg2 
Be7 9.O-O O-O 10.b3 a5 11.Bb2 Nfd7 12.Rfd1 Be6 13.Rac1 Na6 14.Ne4 f6 15.
Bc3 a4 16.bxa4 Nb6 17.Ba5 Nc5 18.Bxb6 Qxb6 19.Rb1 Qa6 20.Nxc5 Bxc5 21.Nd2 
Rf7 22.a5 Qxa5 23.Nb3 Qa7 24.e3 Bf8 25.Rb2 Qa4 26.Bf1 g6 27.Qe2 f5 28.Rbd2
Qa7 29.Rd8 Re7 30.Rxa8 Qxa8 31.Nc5 Bf7 32.Nd7 Bh6 33.Qb2 Bg7 34.Qb4 Re8 
35.Rd2 h5 36.h4 f4 37.Nb6 Qb8 38.c5 fxe3 39.fxe3 e4 40.Rg2 Bh6 41.Qd4 Qe5 
42.Nc4 Bxc4 43.Bxc4+ Kg7 44.Kh2 Qxd4 45.exd4 Be3 46.d5 Bxc5 47.dxc6 bxc6 
48.Rc2 Re5 49.Bf1 e3 50.Be2 Rf5 51.Bd3 Re5 52.Kg2 Bb4 53.Kf3 c5 54.Ke2 Kf6
55.Rc4 g5 56.Re4 Rxe4 57.Bxe4 Bd2 58.hxg5+ Kxg5 59.a4 Kg4 60.Bf3+ Kxg3 61.
Bxh5 Kf4 62.Kd3 Bb4 63.Kc4 Kg3 64.a5 Bxa5 65.Kxc5 1/2-1/2

[Event "22nd WCh U20 Girls"]
[Site "Kochi IND"]
[Date "2004.11.30"]
[Round "13.6"]
[White "Perez Rodriguez, Jennifer"]
[Black "Bensdorp, Marlies"]
[Result "0-1"]
[WhiteElo "2162"]
[BlackElo "2214"]
[EventDate "2004.11.20"]
[PlyCount "82"]

1.e4 e6 2.d4 d5 3.exd5 exd5 4.c4 Nf6 5.Nc3 c6 6.Bd3 dxc4 7.Bxc4 Bd6 8.Nf3 
O-O 9.O-O Bg4 10.Qd3 Nbd7 11.Bg5 Qa5 12.Bxf6 Nxf6 13.h3 Bf5 14.Qd2 Qb4 15.
Bb3 Rad8 16.Qg5 Bd3 17.Rfe1 h6 18.Qd2 Bh7 19.Rad1 a5 20.Qc1 Bb8 21.Qe3 Nd5
22.Bxd5 cxd5 23.b3 Bf5 24.Na4 Bd6 25.Rc1 Rc8 26.Nc5 b6 27.Nd3 Qa3 28.Nf4 
Be4 29.Ne5 Bb4 30.Red1 Qxa2 31.f3 Bc2 32.Nd7 Bxd1 33.Rxd1 Rfe8 34.Qd3 Qc2 
35.Nxb6 Qxd3 36.Rxd3 Rc1+ 37.Kh2 Bd6 38.Nxd5 Ree1 39.g3 g5 40.Nf6+ Kh8 41.
Ng2 Rh1# 0-1

[Event "22nd WCh U20 Girls"]
[Site "Kochi IND"]
[Date "2004.11.30"]
[Round "13.7"]
[White "Gutsko, Anastasia"]
[Black "Vinuthna, N."]
[Result "0-1"]
[WhiteElo "2272"]
[BlackElo "2229"]
[EventDate "2004.11.20"]
[PlyCount "76"]

1.e4 g6 2.d4 Bg7 3.Nf3 d6 4.c3 Nf6 5.Bd3 O-O 6.O-O c6 7.a4 Nbd7 8.Nbd2 e5 
9.dxe5 dxe5 10.Qe2 Nh5 11.g3 Nc5 12.Bc2 Bg4 13.Qe3 Nd7 14.b4 Kh8 15.Bb2 f5
16.exf5 gxf5 17.c4 Qe7 18.Nh4 Rae8 19.Rfe1 e4 20.Bxg7+ Qxg7 21.Ra3 Bh3 22.
Qc3 Ndf6 23.c5 e3 24.Ndf3 f4 25.Bf5 exf2+ 26.Kxf2 fxg3+ 27.Kg1 gxh2+ 28.
Kh1 Ng3+ 29.Kxh2 Bxf5 30.Nd4 Nd5 31.Qxg3 Qxg3+ 32.Rxg3 Rxe1 33.Nhxf5 Nxb4 
34.Nd6 b6 35.N4f5 Re5 36.cxb6 axb6 37.Rg5 Rf6 38.Kh3 Rd5 0-1

[Event "22nd WCh U20 Girls"]
[Site "Kochi IND"]
[Date "2004.11.30"]
[Round "13.9"]
[White "Ghaderpour, Shayesteh"]
[Black "Ramya Krishna, Inapuri"]
[Result "0-1"]
[WhiteElo "2025"]
[BlackElo "2096"]
[EventDate "2004.11.20"]
[PlyCount "78"]

1.e4 e5 2.Nf3 Nc6 3.Bb5 Nd4 4.Bc4 Nxf3+ 5.Qxf3 Qf6 6.Qe2 Bc5 7.d3 Ne7 8.
Be3 Qb6 9.Bb3 c6 10.Nc3 Bxe3 11.Qxe3 Qxe3+ 12.fxe3 d6 13.d4 Bd7 14.O-O-O 
Rf8 15.Rhf1 f6 16.a4 O-O-O 17.a5 b6 18.d5 cxd5 19.axb6 axb6 20.Nxd5 Nxd5 
21.Bxd5 Bb5 22.c4 Ba6 23.Rd3 Bb7 24.Rfd1 Bxd5 25.Rxd5 Kc7 26.g4 h5 27.h3 
hxg4 28.hxg4 Rh8 29.Rg1 Rh3 30.Kd2 Rdh8 31.g5 Rh1 32.Rg3 R8h2+ 33.Kd3 Rxb2
34.gxf6 gxf6 35.Rg7+ Kc6 36.Re7 Rf2 37.Ra7 Rd1+ 38.Kc3 Rc1+ 39.Kd3 Rcc2 
0-1

[Event "22nd WCh U20 Girls"]
[Site "Kochi IND"]
[Date "2004.11.30"]
[Round "13.10"]
[White "Kavitha, J. E."]
[Black "Van Weersel, Arlette"]
[Result "0-1"]
[WhiteElo "2088"]
[BlackElo "2184"]
[EventDate "2004.11.20"]
[PlyCount "79"]

1.e4 d6 2.d4 g6 3.Nc3 c6 4.a4 Bg7 5.Be3 Nd7 6.Nf3 Qc7 7.Qd2 b6 8.Bc4 e6 9.
O-O Ngf6 10.h3 O-O 11.Bb3 a6 12.Rfe1 Bb7 13.e5 dxe5 14.dxe5 Nd5 15.Nxd5 
cxd5 16.Bf4 Nc5 17.Nd4 Rac8 18.c3 Nxb3 19.Nxb3 a5 20.Nd4 Ba6 21.Bh6 Qd7 
22.h4 Rc4 23.Bxg7 Kxg7 24.h5 h6 25.b3 Rc7 26.Re3 g5 27.Rae1 Qe7 28.Rf3 
Rfc8 29.Ree3 Qa3 30.Rg3 Kf8 31.Ref3 Ke7 32.Kh2 Qa1 33.Qc2 Qe1 34.Re3 Qa1 
35.Ref3 Rh8 36.Rxf7+ Kxf7 37.Qg6+ Ke7 38.Qg7+ Ke8 39.Qxh8+ Kd7 40.Rf3 0-1

[Event "22nd WCh U20 Girls"]
[Site "Kochi IND"]
[Date "2004.11.30"]
[Round "13.11"]
[White "Aketaeva, Dana"]
[Black "Delphin, C."]
[Result "1/2-1/2"]
[WhiteElo "2223"]
[BlackElo "1998"]
[EventDate "2004.11.20"]
[PlyCount "89"]

1.e4 c5 2.Nf3 Nc6 3.d4 cxd4 4.Nxd4 Nf6 5.Nc3 e5 6.Ndb5 d6 7.Bg5 a6 8.Na3 
b5 9.Nd5 Be7 10.Bxf6 Bxf6 11.c3 O-O 12.Nc2 Bg5 13.Be2 Kh8 14.O-O f5 15.
exf5 Bxf5 16.Nce3 Bg6 17.a4 bxa4 18.Qxa4 Ne7 19.Nxe7 Qxe7 20.Qc6 Bxe3 21.
fxe3 Qa7 22.Rxf8+ Rxf8 23.Qxd6 Qxe3+ 24.Kh1 Qf4 25.Qxa6 Qg5 26.Qb7 h6 27.
Bf3 Qf4 28.Qc6 e4 29.Qxg6 exf3 30.gxf3 Qxf3+ 31.Qg2 Qf5 32.Rg1 Rf7 33.c4 
Rc7 34.b3 Qc5 35.Qa8+ Rc8 36.Qe4 Rf8 37.Qd5 Qxd5+ 38.cxd5 Rf3 39.Rg3 Rf1+ 
40.Rg1 Rf3 41.Rd1 Rxb3 42.Kg2 Kg8 43.d6 Rb8 44.Kf3 Kf7 45.Kf4 1/2-1/2

[Event "22nd WCh U20 Girls"]
[Site "Kochi IND"]
[Date "2004.11.30"]
[Round "13.12"]
[White "Gutierrez Castillo, Paloma"]
[Black "Sandhya, N."]
[Result "1/2-1/2"]
[WhiteElo "2119"]
[BlackElo "2113"]
[EventDate "2004.11.20"]
[PlyCount "98"]

1.e4 e6 2.Nf3 d5 3.Nc3 Nf6 4.e5 Nfd7 5.d4 c5 6.dxc5 Bxc5 7.Bd3 Nc6 8.Bf4 
a6 9.O-O f6 10.exf6 Nxf6 11.Qe2 O-O 12.Ne5 Qe8 13.Bg3 Qh5 14.Rae1 Nxe5 15.
Qxh5 Nxh5 16.Bxe5 Bd7 17.Ne2 Nf6 18.h3 Rf7 19.Nd4 Raf8 20.c3 Nh5 21.g3 Nf6
22.Kg2 Ne4 23.f4 Bxd4 24.Bxd4 g5 25.Bxe4 dxe4 26.fxg5 Rxf1 27.Rxf1 Rxf1 
28.Kxf1 e5 29.Bxe5 Bxh3+ 30.Ke2 Kf7 31.Ke3 Bf5 32.Kd4 Ke7 33.Bf4 Kd7 34.
Kc5 Bg4 35.b4 Be2 36.Kd4 Bf3 37.Ke5 Kc6 38.c4 Be2 39.c5 Bf3 40.a4 a5 41.
Bd2 axb4 42.Bxb4 Bd1 43.a5 e3 44.Kd4 Kb5 45.Be1 Bh5 46.Kd5 Bf3+ 47.Kd4 Bh5
48.Bc3 Bd1 49.Kxe3 Kxc5 1/2-1/2